| 000 | 00355nam a22001457a 4500 | ||
|---|---|---|---|
| 003 | MACL | ||
| 005 | 20180227123800.0 | ||
| 008 | 180227b xxu||||| |||| 00| 0 eng d | ||
| 040 | _cMACL | ||
| 100 |
_aBeri,Meenakshi _970798 |
||
| 245 | _aCombating Child Labour | ||
| 260 |
_aAllahabad _bSheetal _c2016 |
||
| 650 |
_aSocial Science _970799 |
||
| 942 |
_2ddc _cBK |
||
| 999 |
_c57313 _d57313 |
||